Introducción a la ingeniería electroquímica / (Registro nro. 7886)

Detalles MARC
000 -CABECERA
Campo de control interno 01792nam a2200241Ia 4500
008 - ELEMENTOS DE LONGITUD FIJA - INFORMACIÓN GENERAL
Campo de control de longitud fija 260220t1992||||xx |||||||||||||| ||spa||
040 ## - FUENTE DE CATALOGACIÓN
Agencia de catalogación original PY-SlUNAC
Idioma de catalogación spa
Convenciones de descripción rda
041 ## - CÓDIGO DE IDIOMA
Código de idioma para texto/pista de sonido o título separado spa
082 ## - NÚMERO DE CLASIFICACIÓN DECIMAL DEWEY
Clasificación Decimal Dewey (CDD) 541.37
Clasificación Expansiva de Cutter (EC) C83i
100 ## - ASIENTO PRINCIPAL - NOMBRE PERSONAL
Nombre personal Cocuret, F.
Rol del autor Autor
245 #0 - TÍTULO
Título Introducción a la ingeniería electroquímica /
Mención de responsabilidad por F. Cocuret [Autor]
264 ## - PIE DE IMPRENTA
Lugar Barcelona :
Editorial Reverté,
Año ℗1992.
300 ## - DESCRIPCIÓN FÍSICA
Páginas 1 volumen
520 ## - NOTA DE RESUMEN
Nota de resumen En "Introducción a la ingeniería electroquímica", Frédéric Cocuret ofrece un enfoque integral a los principios y aplicaciones de la electroquímica en el ámbito de la ingeniería. El texto abarca desde los fundamentos teóricos, como la termodinámica electroquímica y la cinética de las reacciones, hasta aplicaciones prácticas en procesos industriales, incluyendo la galvanoplastia, la corrosión, y la producción de energía a través de celdas electroquímicas. Cocuret enfatiza la importancia de entender los fenómenos electroquímicos para optimizar procesos y desarrollar nuevas tecnologías. Además, el libro incluye ejemplos y casos de estudio que ilustran la relevancia de la electroquímica en la resolución de problemas contemporáneos, así como ejercicios que fomentan la comprensión crítica de los temas tratados. El enfoque didáctico y la claridad en la exposición hacen de esta obra una referencia valiosa tanto para estudiantes como para profesionales del área, contribuyendo al desarrollo de conocimientos aplicables en la ingeniería moderna y en la investigación científica.
653 ## - MATERIA - TÉRMINO TEMÁTICO NO CONTROLADO (PALABRAS CLAVE)
Materia - término temático no controlado (palabras clave) Electroquímica
653 ## - MATERIA - TÉRMINO TEMÁTICO NO CONTROLADO (PALABRAS CLAVE)
Materia - término temático no controlado (palabras clave) Ingeniería
653 ## - MATERIA - TÉRMINO TEMÁTICO NO CONTROLADO (PALABRAS CLAVE)
Materia - término temático no controlado (palabras clave) Tecnología
942 ## - ELEMENTOS PERSONALIZADOS (KOHA)
Fecha catalogación 2026/02/17
Tipo de documento Libros
Existencias
Fuente de Clasificacion Colección Ubicacion permanente Biblioteca actual Fecha de Ingreso a la Biblioteca Origen de adquisición Código de ubicación Código de barras Tipo de Item KOHA Nota pública
Dewey Decimal Classification Colección General (CG) Biblioteca e Internet, Facultad de Ciencias Exactas y Naturales Biblioteca e Internet, Facultad de Ciencias Exactas y Naturales 02/20/2026 Donación 541.37 C83i CG1246 Libros Material disponible en la Biblioteca e Intenet, Campus UNA, San Lorenzo.